000 00372nam a2200145Ia 4500
008 220217s9999||||xx |||||||||||||| ||und||
020 _a81-312-0650-5
082 _a621.381 5 TOO
100 _aTooley, Mike
_96064
245 0 _aElectronic circuits
250 _a3rd
260 _aElsevier Academic press
_bNew Delhi
_c2006
300 _b350
650 _aCIRCUITRY
999 _c177400
_d177400